Music Quiz

Random Music or Numbers Quiz

Grover Cleveland #1 Hits Quiz Stats

Quiz Updated Nov 22, 2016

Challenge
Share
Tweet
Embed
Score 0/73 Timer 10:00
2 Plays Today
Year Song % Correct
1960The Twist (returned to #1 in 1962)
58.4%
1979I Will Survive
58.2%
2009Down
53.6%
2013Wrecking Ball
49.6%
19819 to 5
47.7%
2013Thrift Shop
46.1%
1994The Sign
46%
2009Fireflies
44.3%
1983Down Under
44%
1981Bette Davis Eyes
42.5%
2014Shake It Off
38.6%
2010Firework
37.4%
2011E.T.
36.3%
2008Bleeding Love
35.6%
2017Shape of You
35.4%
1966The Sounds of Silence
35.3%
2001Fallin'
34.8%
2008Single Ladies (Put a Ring On It)
33.7%
2011Grenade
33.3%
1959Mack the Knife
32.7%
1979Escape (The Pina Colada Song)
32%
2007Crank That (Soulja Boy)
31.6%
1982Abracadabra
31.3%
2001Butterfly
31%
1978Le Freak
29.8%
1975Fame
27.2%
2015Cheerleader
27.1%
2016Love Yourself
26.4%
2010Like a G6
26.3%
2015Can't Feel My Face
25.7%
1973Let's Get It On
25.7%
2012Stronger (What Doesn't Kill You)
25.5%
1972Alone Again (Naturally)
25.5%
2015See You Again
25.4%
2010OMG
22.3%
2012We Are Never Ever Getting Back Together
21.3%
2017Black Beatles
20.6%
Year Song % Correct
2011We Found Love
20.2%
1979Hot Stuff
20%
1975That's The Way (I Like It)
19%
2016One Dance
19%
2008Live Your Life
18.8%
1974The Way We Were
18.3%
1973Killing Me Softly With His Song
17.7%
1976Silly Love Songs
17.4%
2001I'm Real
16.7%
2002Dilemma
16.5%
2005We Belong Together
16.3%
2017Bad and Boujee
15.3%
2008Whatever You Like
14.8%
2008Lollipop
14.7%
1994On Bended Knee
14.2%
2004Burn
14.1%
1978You Don't Bring Me Flowers
14.1%
1966Paperback Writer
13%
1998Too Close
12.6%
1961Travelin' Man
11.8%
2011Moves Like Jagger
11.7%
1965I Can't Help Myself (Sugar Pie, Honey Bunch)
11.5%
2000I Knew I Loved You
11.4%
1977Best of My Love
11.4%
1977I Just Want to Be Your Everything
10.9%
1967Groovin'
10.8%
1958Nel Blu Dipinto Di Blu (Volare)
10.5%
1966Winchester Cathedral
9.9%
2007Makes Me Wonder
9.7%
2011Someone Like You
9.3%
2001U Got It Bad
9%
1966We Can Work It Out
7.4%
1958It's Only Make Believe
7.2%
1960Save the Last Dance for Me
6.5%
1964Come See About Me
4.9%
1998The First Night
3.8%

You're not logged in!

Compare scores with friends on all Sporcle quizzes.
Sign Up with Email
OR
Log In

You Might Also Like...

Show Comments

Extras

Top Quizzes Today


Score Distribution

Your Account Isn't Verified!

In order to create a playlist on Sporcle, you need to verify the email address you used during registration. Go to your Sporcle Settings to finish the process.